Laseres y maseres
Uloženo v:
| Hlavní autor: | |
|---|---|
| Médium: | Kniha |
| Jazyk: | španělština |
| Vydáno: |
Madrid
Paraninfo
1969
|
| Vydání: | 2a. ed |
| Témata: | |
| Tagy: |
Přidat tag
Žádné tagy, Buďte první, kdo vytvoří štítek k tomuto záznamu!
|
MARC
| LEADER | 00000nam a2200000 a 4500 | ||
|---|---|---|---|
| 001 | UCZ9956 | ||
| 003 | CL-VaPUC | ||
| 008 | 960314e19690000SP |||||||||||||||||spa|d | ||
| 082 | 0 | 4 | |a 621.366 |b TRO |2 21 |
| 100 | 0 | |a Troup, Gordon |e author |9 354986 | |
| 245 | 1 | 0 | |a Laseres y maseres |
| 250 | |a 2a. ed | ||
| 300 | |a 163 p | ||
| 942 | |c BK | ||
| 945 | |d 19960314 00:00:00 |a rleighto | ||
| 260 | |a Madrid |b Paraninfo |c 1969 | ||
| 650 | 7 | |a LASERS |2 CL-VaPUC |9 260160 | |
| 650 | 7 | |a MASERS |2 CL-VaPUC |9 354987 | |
| 583 | |a last modification |c 19960314 00:00:00 |k Rodrigo Vera | ||
| 999 | |c 244991 |d 244989 | ||